[Event "Munich SKA"]
[Site "Munich"]
[Date "1993.??.??"]
[Round "11"]
[White "Adams, Michael"]
[Black "Shirov, Alexei"]
[Result "1/2-1/2"]
[WhiteElo "2630"]
[BlackElo "2670"]
[Annotator "Boensch,U"]
[PlyCount "41"]
[EventDate "1993.05.??"]
[EventType "tourn"]
[EventRounds "11"]
[EventCountry "GER"]
[EventCategory "16"]
[SourceTitle "CBM 036"]
[Source "ChessBase"]
[SourceDate "1993.10.01"]
[SourceVersion "1"]
[SourceVersionDate "1993.10.01"]
[SourceQuality "1"]

1. e4 c5 2. Nf3 d6 3. d4 cxd4 4. Nxd4 Nf6 5. Nc3 Nc6 6. Bg5 e6 7. Qd2 a6 8.
O-O-O h6 9. Bf4 Bd7 10. Nxc6 Bxc6 11. f3 d5 12. Qe1 (12. Be5 $6 dxe4 13. Bxf6
Qxd2+ 14. Rxd2 e3 15. Rd3 gxf6 16. Rxe3 Bc5 $15 {Huebner,R-Lobron,E Baden
Baden (11) 1992 1/2 36}) 12... Bb4 (12... Be7 $6 13. exd5 Nxd5 14. Nxd5 Bxd5
15. Bc4 Bg5 16. g3 Bxf4+ 17. gxf4 O-O 18. Bxd5 exd5 19. Rg1 Re8 20. Qc3 f6 21.
Qb3 $16 {Dolmatov,S-Sher,M Dortmund op-A (03) 1992 1-0 37}) 13. a3 (13. Bd2 d4
14. Ne2 Bxd2+ 15. Rxd2 Qa5 16. a3 e5 $15 {Anand,V-Serper,G Amsterdam OHRA-B 
(05) 1990 1-0 54}) 13... Ba5 (13... Bxc3 $6 14. Qxc3 O-O 15. Be5 Rc8 16. Bxf6
Qxf6 17. Qxf6 gxf6 18. exd5 Bxd5 19. Rd4 $14 {Kholmov,R-Muhametov,E Moskow4
1991 1-0 61}) 14. Bd2 (14. exd5 $5 Nxd5 15. b4 Nxf4 16. Rxd8+ Bxd8 17. h4 (17.
g3 Nd5 18. Ne4 O-O 19. c4 Nf6 20. Bd3 Be7 21. Qe2 b5 $36 {Chudinovskih,
A-Spraggett,K San Bernadino op (04) 1992 1/2 35}) 17... O-O 18. Qe3 Bc7 (18...
Nd5 19. Nxd5 Bxd5 20. g4 a5 (20... b5 21. g5 h5 22. Kb2 Be7 23. Bd3 Rfc8 24.
Rd1 Rc7 25. Be4 $10 {Ernst,T-Lerner,K New York op (1) 1990 1/2 30}) 21. b5 Rc8
(21... Be7 22. g5 h5 23. Kb2 Rfc8 24. Qf4 Bxa3+ 25. Kxa3 Rxc2 $44 {Ernst,
T-Lerner,K Gausdal Troll (06) 1992 1/2 37}) 22. g5 h5 23. Bd3 $14 {Ernst,
T-Galliamova,A Dortmund op-A (02) 1992 1-0 55}) 19. Kb1 Rfd8 20. g4 Rd6 21. Be2
Nd5 22. Nxd5 exd5 23. Bd3 Re6 24. Qf2 Rae8 $10 {Ernst,T-Kotronias,V Wijk
Sonnevanck (02) 1992 1/2 56}) (14. b4 Bb6 15. exd5 Bxd5 16. Na4 (16. Nxd5 Nxd5
17. Qg3 O-O 18. c4 Qc8 19. Bd6 Rd8 20. Bd3 a5 21. Be5 f6 22. Ba1 axb4 23. Qg6
Nf4 24. Qh7+ Kf7 25. Bc2 Qxc4 26. Rxd8 Rxd8 {0-1 Martin,A-Sher,M Hastings
Challengers 1990}) 16... Bc7 17. Bxc7 Qxc7 18. Qg3 Qc6 19. Nc5 O-O 20. Qe5 a5
$17 {Frick,R-Gostisa,L Graz zt (07) 1993 0-1 46}) (14. e5 Bc7 15. Bd2 Nd7 16.
f4 Nc5 17. Be3 Qe7 18. Ne2 Bb5 19. Nd4 Bxf1 20. Rxf1 Ne4 $10 {Yang
Xian-Johansen,D Jakarta zt (02) 1993 0-1 39}) 14... Rc8 (14... Qe7 15. e5 Nd7
16. Kb1 (16. f4 b5 17. Ne2 $146 Bxd2+ 18. Qxd2 O-O 19. Nd4 Rfc8 20. Bd3 Nc5 21.
Kb1 Bd7 $10 {Nunn,J-Kramnik,V BL 1992/93 1/2 41 -Inf.56/219}) 16... Bb6 17. f4
h5 $5 (17... Bc5 18. Be3 O-O-O 19. Bd4 Kb8 20. Qe3 f6 $132 {Nieminen,K-Kiselev,
S Helsinki op (02) 1992 0-1 43}) 18. h4 (18. g3 Bc5 19. Bd3 g6 20. Rf1 O-O-O
$10 {Ivanchuk,V-Lanka,Z Debrecen 1992 1/2 38}) 18... Bc5 19. Rh3 b5 20. Na2 Bb7
21. Nc1 g6 22. Nd3 Rc8 23. Be2 Bb6 24. g4 $16 {Malisauskas,V-Lanka Vilnius zt
1993 1-0 39}) (14... b5 15. exd5 (15. Kb1 Bc7 (15... dxe4 $6 16. Bxh6 Nd5 17.
Bxg7 Bxc3 18. bxc3 Rg8 19. fxe4 Rxg7 20. exd5 Bxd5 21. h4 $16 {Lau,R-Kotronias,
V Muenchen op (05) 1992 1/2 62}) 16. exd5 Nxd5 17. Nxd5 Bxd5 18. Bb4 Qg5 19.
Bd3 O-O-O 20. Ba5 $14 {Leko,P-Lanka,Z Nettetal (05) 1992 1/2 38}) (15. e5 $5
$146 Nd7 16. h4 Qc7 17. f4 O-O 18. Ne2 Bxd2+ 19. Qxd2 a5 20. Nd4 Qb6 21. b3 b4
$40 {Kholmov,R-Serper,G Moskow Alekhine op 1992 1/2 50}) 15... Nxd5 16. Bd3
Bxc3 17. Bxc3 O-O 18. h4 Nxc3 19. Bh7+ Kxh7 20. Rxd8 Na2+ 21. Kb1 Rfxd8 22.
Kxa2 $16 {Kotronias,V-Shirov,A Reykjavik (04) 1992 1-0 46}) (14... d4 $5 {
-CBM 36VC Tiviakov,S-Tukmakov,V Rostov 1993 1-0 38}) (14... Bb6 15. exd5 Nxd5
16. Nxd5 Bxd5 17. Kb1 Qe7 18. Bc3 Rg8 19. Bd3 O-O-O 20. Qe2 Bc6 $10 {Boudre,
JP-Lanka,Z Hyeres op 1992 1/2 45}) (14... O-O 15. exd5 exd5 16. Bd3 Re8 17. Qh4
d4 18. Ne2 Bb6 19. Nf4 Rc8 20. Rhe1 $14 {Dolmatov,S-Greenfeld,A Beersheba 1991
1/2 35}) (14... Bc7 $6 15. Kb1 Qb8 16. exd5 Nxd5 17. Nxd5 Bxd5 18. Bb4 Bc6 19.
Bc4 a5 20. Bc5 $16 {Wang Zili-Steingrimsson,H Novi Sad olm (08) PRC-ISD 1990
1-0 30}) 15. Qg3 $146 (15. Kb1 dxe4 16. Bxh6 Nd7 17. Bxg7 Rg8 18. Bd4 exf3 19.
Qf2 fxg2 20. Rg1 Qg5 21. Bd3 $17 {Gurevich,I-Wolff,P USA-ch (07) 1992 1-0 35})
15... Bc7 16. e5 (16. Qxg7 $4 Rh7 $19) 16... Nd7 17. f4 O-O 18. Bd3 Nc5 19. Be3
Nxd3+ 20. Rxd3 f6 21. Re1 (21. Re1 fxe5 22. fxe5 Kh7 $15) 1/2-1/2

[Event "Moscow Alekhine op"]
[Site "Moscow"]
[Date "1992.??.??"]
[Round "?"]
[White "Ehlvest, Jaan"]
[Black "Serper, Grigory"]
[Result "1-0"]
[WhiteElo "2635"]
[BlackElo "2575"]
[Annotator "Boensch,U"]
[PlyCount "63"]
[EventDate "1992.10.??"]
[EventType "swiss"]
[EventRounds "9"]
[EventCountry "RUS"]
[SourceTitle "CBM 033"]
[Source "ChessBase"]
[SourceDate "1993.04.01"]
[SourceVersion "1"]
[SourceVersionDate "1993.04.01"]
[SourceQuality "1"]

1. e4 c5 2. Nf3 d6 3. d4 cxd4 4. Nxd4 Nf6 5. Nc3 Nc6 6. Bg5 e6 7. Qd2 a6 8.
O-O-O h6 9. Be3 Be7 10. f3 Nxd4 11. Bxd4 b5 12. Kb1 e5 (12... Bb7 13. g4 Bc6
$146 14. Qf2 $1 $14 Qb8 $2 (14... Qc7 $14) 15. h4 b4 16. Ne2 e5 17. Be3 d5 18.
Ng3 $14 {(Anand) Ivanchuk,V-Anand,V Linares m/5 1992 1/2 26 -Inf.55/228} (18.
Bc5 $16)) (12... Qa5 $146 13. Qe3 b4 14. Bb6 Qg5 15. f4 Qg6 16. e5 dxe5 17. Bd3
Qh5 18. fxe5 $16 {Van der Wiel,J-Ehlvest,J Katerini 1992 1/2 25 -Inf.55/229})
13. Be3 (13. Bf2 Be6 14. g4 b4 15. Nd5 Bxd5 16. exd5 Qb8 17. h4 Bd8 18. Qe2 Kf8
19. f4 exf4 20. Qf3 Bb6 21. Bd4 Nd7 22. Qxf4 $14 {Tringov,G-Rodriguez,Am
Pancevo 1987 0-1 37}) 13... Be6 14. g4 Qa5 15. Qf2 $1 Rb8 16. Nd5 Bxd5 (16...
Nxd5 17. exd5 Bd7 18. Bd3 $16) 17. exd5 Bd8 18. Qe2 Rb7 (18... Bb6 19. Bc1 $16
{x Qa5}) 19. h4 Qc7 20. Qg2 Qe7 21. Bc1 Nd7 22. Re1 Bb6 23. f4 $16 Rc7 24. Rh3
O-O 25. h5 Qf6 $2 (25... Qd8) 26. Bd3 Qd8 (26... exf4 27. Qe4 g6 28. hxg6 $18)
27. g5 $18 hxg5 28. fxg5 Nc5 29. Bf5 e4 30. Rf1 Re7 31. g6 e3 32. h6 {Boensch}
(32. h6 e2 (32... fxg6 33. Qxg6 e2 (33... Rxf5 34. Qxf5 e2 35. h7+ Kh8 36. Qf8+
Qxf8 37. Rxf8#) 34. Qh7+ Kf7 35. Bg6#) 33. hxg7 exf1=Q 34. gxf8=Q+ Kxf8 (34...
Qxf8 35. gxf7+ Kxf7 36. Qg6#) 35. g7+ Kg8 36. Rh8#) 1-0

[Event "Tan Chin Nam Cup 2nd"]
[Site "Beijing"]
[Date "1996.??.??"]
[Round "1"]
[White "Peng, Xiaomin"]
[Black "Atalik, Suat"]
[Result "1-0"]
[WhiteElo "2490"]
[BlackElo "2525"]
[Annotator "Boensch,U"]
[PlyCount "59"]
[EventDate "1996.08.??"]
[EventType "tourn"]
[EventRounds "9"]
[EventCountry "CHN"]
[EventCategory "10"]
[SourceTitle "CBM 055"]
[Source "ChessBase"]
[SourceDate "1996.12.01"]
[SourceVersion "1"]
[SourceVersionDate "1996.12.01"]
[SourceQuality "1"]

1. e4 {Atalik,S Petursson Kortschnoj} c5 2. Nf3 d6 3. d4 cxd4 4. Nxd4 Nf6 5.
Nc3 Nc6 6. Bg5 e6 7. Qd2 a6 8. O-O-O h6 9. Be3 Be7 10. f4 Nxd4 11. Bxd4 b5 12.
Bd3 (12. Bxf6 $2 Bxf6 $1 13. Qxd6 Qxd6 14. Rxd6 Bb7 15. e5 Be7 16. Rd1 (16. Rb6
O-O-O 17. a4 Bc5 18. Rxb7 Kxb7 19. axb5 axb5 20. Bxb5 Be3+ $17) 16... g5 $1 $15
{Dolmatov-Makarycev SSSR (ch) 1980 30/398 (20)}) (12. Qe3 Qc7 13. e5 dxe5 14.
Bxe5 Ng4 15. Qf3 Nxe5 16. Qxa8 Nd7 17. g3 Nb6 18. Qf3 Bb7 19. Ne4 f5 20. Qh5+
Kf8 21. Nf2 Bf6 22. Bd3 Na4 23. Rhe1 Bxb2+ 24. Kb1 Bd5 $19 {Ivanchuk,V-Kramnik,
V/Dos Hermanas/1996/0:1/32/}) 12... b4 (12... Bb7 13. Rhe1 O-O 14. Kb1 b4 15.
Ne2 (15. Na4 Bc6 16. Nb6 Rb8 17. Nc4 $1 Nxe4 18. Bxe4 Bxe4 19. Rxe4 d5 20. Re3
dxc4 21. Qe2 $16 {Dvoirys,S-Nalbandian,T Biel (izt) 1993 1-0 27}) 15... Nxe4
16. Bxe4 Bxe4 17. Bxg7 Rc8 18. Nd4 Bxc2+ 19. Nxc2 Kxg7 {1/2 Dimitrov,V-Sakaev,
K Elenite-B (03) 1994 -EXP 43}) 13. Na4 $6 (13. Ne2 Qa5 (13... e5 14. Be3 Rb8
15. Kb1 (15. h3 O-O 16. fxe5 dxe5 17. g4 Qa5 18. Kb1 Rd8 19. Ng3 Ne8 $5 20. Nf5
Bf8 21. Qe2 Be6 22. Bc4 Bxc4 23. Qxc4 Qb5 $1 $10 {0-1 Luther,T-Khalifman,A/
Hastings9596 (04) ;CBM 51 1996 (48)}) 15... O-O 16. Rhf1 Qa5 17. fxe5 dxe5 18.
Ng3 (18. h3 $142) 18... Be6 19. b3 Ng4 20. Bg1 Bc5 $15 {Dvoirys,S-Serper,G
Gausdal International (5) 1991}) 14. Bxf6 $2 (14. Kb1 e5 15. Be3 O-O 16. Rhe1
$6 Rb8 17. Nc1 Rd8 18. Ba7 Rb7 19. Bg1 Bg4 20. Nb3 Qa4 21. Rc1 exf4 22. Qxf4
Be6 23. Bd4 $2 Rb5 $1 $17 {0-1 Huebner,R-Kramnik,V/Dortmund (06) ;CBM 54 1996 
(27)}) 14... Bxf6 15. Bc4 O-O $1 16. Qxd6 Bb7 $44 {0-1 Short,N-Salov,V/Madrid 
(05) ;CBM 47 1995 (41) ^^}) 13... Rb8 14. e5 dxe5 (14... Nd5 15. Bc4 O-O 16.
Bxd5 exd5 17. exd6 Bxd6 18. Qf2 Qc7 19. f5 Bxh2 20. Be3 Bg3 21. Qf3 Re8 22. Kb1
Bxf5 $1 $19 {0-1 Mueller,Mat-Lagunov,A/GER-ch Binz (09) ;EXP 50 1995 (27)}) 15.
Bxe5 Bd7 16. f5 (16. b3 Bxa4 17. bxa4 O-O 18. Bxb8 Qxb8 19. Bc4 Ne4 20. Qe3 Nc3
21. Rd7 Bf6 $44 {Polgar,J-Kramnik,V/Moscow PCA-GP (3.1) 25' ;EXP 52 1996/0-1 
(65)}) (16. Bxb8 {Kortschnoj} Qxb8 17. b3 Bxa4 18. bxa4 O-O $44 {Dvoirys})
16... Bxa4 17. fxe6 Rc8 $1 $146 {Anambitious new move. Black tries to stay a
whole piece up} (17... O-O 18. exf7+ {Dvoiris-Halifman, Simferopol 1988} (18.
Bxb8 {Dvoiris-Halifman, Simferopol 1988}) 18... Rxf7 19. Bxb8 Qxb8 20. Bc4 $16
{Dvoirys,S-Khalifman,A/Simferopol/1988/}) (17... fxe6 $2 {Kortschnoj} 18. Bg6+
Kf8 19. Qf4 $18) 18. exf7+ Kxf7 19. Qf4 Qb6 20. Bc4+ Kf8 $1 (20... Rxc4 $2 21.
Qxc4+ Qe6 22. Qxe6+ Kxe6 23. Rhe1 Kf7 24. Bd6 $16 {Schwarz findet keine
Stuetzpunkte fuer seine Leichtfiguren und muss hart ums remis kaempfen.} (24.
Bd6 {Kortschnoj} Bxd6 25. Rxd6 Ra8 (25... Rc8 {Atalik,S} 26. Re2 Bb5 (26... Bc6
27. Rd4 a5 28. Re5) 27. Red2 Bc6) 26. Rb6 a5 27. Rb7+ Bd7 $14)) 21. Rhe1 Rc6 $2
{Einige Runden spaeter verbesserte Atalik sein Spiel mit:} (21... g5 $1 22. Qf1
(22. Qf5 {Atalik,S} Rxc4 23. Bd6 (23. Rd6 Bxc2 (23... Rxc2+ 24. Kb1 Qf2) 24.
Qxf6+ Bxf6 25. Rxb6 Be4+) 23... Rxc2+ (23... Bxc2 24. Qxf6+) 24. Kb1 Qf2 (24...
Rf2 25. Qc8+ Kf7 26. Rxe7+ Kg6 27. Qxh8 Bc2+ 28. Ka1 Bxd1 29. Qg7+ Kh5 30. Qf7+
Kg4 31. Qc4+ Kh5 32. Qf7+ Kg4 33. Qe6+ Kh5 34. Qh3+ $140 $2 Kg6 35. Qd3+ Rf5
36. Qxd1 Qxd6) 25. Bxe7+ Kf7 26. Qe6+ Kg6 27. Rf1 Rxb2+ 28. Ka1 Re2 (28...
Rxa2+ 29. Qxa2 Qxa2+ 30. Kxa2 Bxd1 31. Rxf6+ Kg7 32. Bxb4) 29. Qxf6+ Qxf6+ 30.
Rxf6+ Kh5 (30... Kg7 31. Rxa6 Bxd1) 31. Rd3 Rxg2 32. Rxa6 Rc8) 22... Kg7 23.
Bd4 (23. Rd6 Qxd6 24. Bxd6 Bxd6 25. Re6 Bf4+ 26. Kb1 Rhe8 27. Rxf6 Kxf6 28. b3
Rxc4 29. bxc4 Kg7) (23. b3 $8 Bb5 24. Rd6 (24. Bd4 Qc7 25. Rxe7+ Qxe7 26. Re1
Qd6 27. Qxf6+ Qxf6 28. Re7+ Kg6) (24. Bxb5 Qxb5 (24... axb5 25. Rd7 Rhe8 26.
Bd4 Rxc2+ 27. Kb1) 25. Qxb5 axb5) 24... Qxd6 25. Bxd6 Bxd6 26. Re6 Bf4+) 23...
Qc7 24. Re6 (24. Rxe7+ Qxe7 25. Re1 Qd6 26. Qxf6+ Qxf6 27. Re7+ Kf8 28. Bxf6
Rxc4 $19) 24... Rhf8 25. Qf5 Bxc2 26. Kxc2 Qxc4+ 27. Kb1 Rc7 28. Be5 Rf7 29.
Rf1 Rd7 30. Bxf6+ Bxf6 31. Rxf6 Qxf1+ 32. Qxf1 Rxf6 $10 {1/2-1/2 Wang
Zili-Atalik,S/Beijing Tan Chin Cup (04) ;CBM 55_09 1996 (44)}) (21... Be8 $2 {
Kortschnoj} 22. Rd6 $1 Qc5 23. Bxf6 $1 $18) (21... Qc5 $5 {Kortschnoj} 22. Rd4
Bb5 23. Bb3 a5) 22. Rd4 a5 23. Rde4 Rc8 (23... Bb5 {Kortschnoj} 24. Bxf6 Rxf6
25. Rxe7 $1 $18) (23... Bd6 {Atalik,S} 24. Bxd6+ Rxd6 25. Re7) 24. Qf5 Rd8 (
24... Bd7 {Kortschnoj} 25. Bxf6 Bxf5 26. Bxe7+ Ke8 27. Bc5+ $18 (27. Bc5+ {
Atalik,S} Bxe4 28. Rxe4+ Kd7 29. Bxb6 $18)) (24... Rc5 $5 25. Qg6 (25. Bxf6 {
Petursson} Qxf6) 25... Be8 26. Bxf6 gxf6 27. Qg3 Rc7 28. Rg4 Bg6 29. Rxg6 Rxc4
30. Rg7 Qc7 31. Qg6 Rxc2+ 32. Qxc2 Qxc2+ 33. Kxc2 Kxg7 34. Rxe7+ Kg6 $10) (
24... Rxc4 {Atalik,S} 25. Rxc4 Bd7 26. Qg6) (24... Qc6 {Atalik,S} 25. b3 $1 (
25. Qg6 Qxc4 26. Rxc4 Rxc4 27. Bxf6 Bxf6 28. b3) 25... Bb5 26. Bxf6 Bxf6 27.
Re6) 25. Bd4 $1 Rxd4 (25... Qc6 {Kortschnoj} 26. b3 $18) (25... Qxd4 {Atalik,S}
26. Rxd4 Rxd4 27. Rxe7 Rxc4 28. Qe6 Be8 29. Rxe8+ Nxe8 30. Qxc4) 26. Rxe7 Rxc4
27. Qg6 $18 Rxc2+ 28. Kb1 Rxb2+ (28... Rc1+ {Atalik,S} 29. Kxc1 Qc5+ 30. Kb1
Bc2+ 31. Qxc2 Qxe7 (31... Qxc2+ 32. Kxc2) 32. Rxe7 Kxe7 33. Qc7+) 29. Kxb2 Qf2+
(29... Qd4+ 30. Kb1 $18) 30. Ka1 1-0

[Event "Altensteig"]
[Site "Altensteig"]
[Date "1991.??.??"]
[Round "3"]
[White "Luther, Thomas"]
[Black "Lutz, Christopher"]
[Result "1/2-1/2"]
[WhiteElo "2495"]
[BlackElo "2545"]
[Annotator "Boensch,U"]
[PlyCount "93"]
[EventDate "1991.07.??"]
[EventType "tourn"]
[EventRounds "11"]
[EventCountry "GER"]
[EventCategory "11"]
[SourceTitle "CBM 025"]
[Source "ChessBase"]
[SourceDate "1991.12.01"]
[SourceVersion "1"]
[SourceVersionDate "1991.12.01"]
[SourceQuality "1"]

1. e4 {Boensch} c5 2. Nf3 d6 3. d4 cxd4 4. Nxd4 Nf6 5. Nc3 a6 6. Bg5 Nc6 7. Qd2
e6 8. O-O-O h6 9. Be3 Be7 10. f4 (10. f3 Qc7 11. h4 {N} b5 12. Nxc6 Qxc6 13.
Bd3 Bb7 14. g4 $40 {Arnason-Shirov Groningen 1990}) 10... Bd7 11. h3 b5 12. Bd3
Nxd4 13. Bxd4 b4 14. Ne2 e5 15. Be3 Qa5 16. Kb1 O-O 17. fxe5 {N} (17. g4 Rfd8
18. fxe5 dxe5 19. Ng3 Be6 20. b3 Ne8 21. a4 $13 {Adams-Shirov Groningen 1990})
17... dxe5 18. g4 Be6 19. b3 Rfc8 20. Ng3 Ne8 21. g5 hxg5 22. Bxg5 f6 23. Be3
Nd6 24. Rdg1 Nb5 25. a4 $8 Nc3+ 26. Kb2 Nxa4+ 27. bxa4 Qxa4 28. Ra1 Qc6 29.
Rhg1 Bc5 30. Bxc5 Qxc5 31. Ne2 (31. Nh5 $2 Qd4+ $19) 31... Kf7 32. Rg3 b3 33.
c3 (33. cxb3 $5 Bxb3 34. Bxa6 $13) 33... a5 34. Qe3 Qd6 (34... a4 35. Qxc5 Rxc5
36. Ka3 $14) 35. Qg1 Rg8 36. h4 a4 37. Ra3 Qc6 38. h5 Bc4 39. Rf3 Bxd3 40. Qg6+
Ke7 41. Rxd3 Rad8 42. Rxd8 Rxd8 $10 (42... Kxd8 $2 43. Qf7 Re8 (43... Rh8 44.
Ra1 $16) 44. Qd5+ $16) 43. Qxg7+ Ke6 44. Qg4+ Ke7 45. Qg7+ Ke6 46. Qg4+ Ke7 47.
Qg7+ 1/2-1/2

[Event "Hoogovens"]
[Site "Wijk aan Zee"]
[Date "1995.01.??"]
[Round "2"]
[White "Adams, Michael"]
[Black "Lutz, Christopher"]
[Result "1/2-1/2"]
[WhiteElo "2640"]
[BlackElo "2580"]
[Annotator "Boensch,U"]
[PlyCount "65"]
[EventDate "1995.01.??"]
[EventType "k.o."]
[EventRounds "5"]
[EventCountry "NED"]
[SourceTitle "CBM 045"]
[Source "ChessBase"]
[SourceDate "1995.04.01"]
[SourceVersion "1"]
[SourceVersionDate "1995.04.01"]
[SourceQuality "1"]

1. e4 {Ftacnik Fritz3} c5 2. Nc3 Nc6 3. Nf3 d6 4. d4 cxd4 5. Nxd4 Nf6 6. Bg5 e6
7. Qd2 a6 8. O-O-O h6 9. Be3 Be7 (9... Bd7 10. f4 b5 11. Bd3 Qc7 12. Kb1 Na5
13. Qe1 Nc4 14. Bc1 b4 15. Nce2 a5 16. h3 Be7 17. g4 {Svidler,P-Lutz,C/Moscow
olm (14) RUS 1-GER ;CBM 45 1994/1-0 (76)}) 10. f4 Bd7 11. Kb1 (11. Bd3 Ng4 12.
Bg1 Nxd4 13. Bxd4 e5 14. Bg1 exf4 15. Nd5 Ne3 16. Nxe3 fxe3 17. Bxe3 Be6 18.
Kb1 O-O 19. Bd4 {1/2-1/2 Khalifman,A-Lutz,C/Wijk (3.1) ;CBM 45 1995}) 11... b5
12. Bd3 Qc7 13. Nf3 (13. Rhe1 {Ftacnik} b4 $6 14. Nce2 O-O 15. h3 e5 16. Nf5
Bxf5 17. exf5 e4 18. Bc4 d5 19. Bb3 Na5 20. g4 Nc4 21. Bxc4 dxc4 22. Bd4 c3 23.
Qe3 cxb2 24. g5 {Huebner,R-Lutz,Ch/Muenchen/1994/1-0 (41)}) (13. h3 {Ftacnik}
Nxd4 (13... Na5 14. Qf2 b4 15. Nce2 Nc4 16. Bc1 a5 17. g4 a4 18. Qg2 a3 19. b3
Nb2 20. g5 hxg5 21. fxg5 Nh5 22. g6 f6 23. Qf3 Ra5 24. h4 {Landenbergue,
C-Schlosser,P/Horgen SKA (08)/1994/1-0 (56)}) 14. Bxd4 b4 15. Ne2 e5 16. Be3
Qb7 17. Ng3 Bc6 18. Rhf1 Nxe4 19. Bxe4 Bxe4 20. Nxe4 Qxe4 21. fxe5 O-O 22. exd6
Bxd6 23. Qxd6 Qxe3 24. Qxb4 {Marciano,D-Garcia,D/Montpellier (8)/1991/1-0 (49)}
) 13... Ng4 (13... O-O $6 {Fritz3} 14. e5 (14. g4 $5) 14... dxe5 (14... b4 15.
Ne4 Nxe4 16. Bxe4 d5 17. Bd3 a5 18. g4 $40) 15. fxe5 Nxe5 16. Bxh6 $1 gxh6 (
16... Nxd3 {Ftacnik} 17. Qg5 Nh5 18. Qxe7 $40) 17. Qf4 Nfg4 18. h3 Nf2 19. Qg3+
Kh8 20. Qxf2 (20. Nxe5 Qa7 21. Ng6+ fxg6 22. Qxg6 Nxd3 23. Qxh6+ Kg8 24. Qg6+
$10) 20... Nxd3 21. Rxd3 Bc6 $13) (13... b4 $5 {Ftacnik} 14. Ne2 $13) 14. Bg1
O-O 15. h3 Nf6 16. g4 b4 17. Ne2 d5 18. Ng3 (18. e5 Ne4 19. Bxe4 dxe4 20. Qxd7
Qxd7 21. Rxd7 exf3 22. Nd4 Rfd8 $13) (18. exd5 exd5 $13 (18... exd5 $1 {Ftacnik
} 19. Bh2 Ne4 $13)) 18... dxe4 19. Nxe4 Nxe4 20. Bxe4 Rad8 21. Bh2 (21. Be3 {
Ftacnik} Na5 $1 22. Qf2 Nc4 $132) 21... Bc8 22. Qe2 Rxd1+ 23. Rxd1 Rd8 24. Rf1
(24. f5 {Ftacnik} Rxd1+ 25. Qxd1 Qd7 $10) (24. Rxd8+ {Ftacnik} Bxd8 25. g5 hxg5
26. fxg5 Qb6 $132) 24... Nd4 25. Nxd4 Rxd4 26. Bg1 Rd8 27. Be3 Bb7 28. Bd3 a5 (
28... Qc6 {Ftacnik} 29. g5 hxg5 (29... Qg2 30. Bxa6 $5 $14) 30. fxg5 e5 31.
Bh7+ $5 $40) 29. g5 g6 30. gxh6 Kh7 31. Rg1 Bf6 32. h4 (32. Qg4 {Ftacnik} Rxd3
33. cxd3 Bxb2 $1 34. Kxb2 $2 Qc3+ 35. Kb1 Qxd3+ 36. Kc1 Qxe3+ $19) 32... Bxh4
33. Qg4 (33. Qg4 {Ftacnik} Rxd3 34. cxd3 Bf6 35. Rc1 Qd7 36. Qe2 Bd5 $13) (33.
Bxg6+ $2 {Ftacnik} fxg6 34. Qg4 Be4 $19) 1/2-1/2

[Event "Munich SKA"]
[Site "Munich"]
[Date "1993.??.??"]
[Round "7"]
[White "Shirov, Alexei"]
[Black "Lutz, Christopher"]
[Result "1-0"]
[WhiteElo "2670"]
[BlackElo "2550"]
[Annotator "Boensch,U"]
[PlyCount "55"]
[EventDate "1993.05.??"]
[EventType "tourn"]
[EventRounds "11"]
[EventCountry "GER"]
[EventCategory "16"]
[SourceTitle "CBM 036"]
[Source "ChessBase"]
[SourceDate "1993.10.01"]
[SourceVersion "1"]
[SourceVersionDate "1993.10.01"]
[SourceQuality "1"]

1. e4 c5 2. Nf3 d6 3. d4 cxd4 4. Nxd4 Nf6 5. Nc3 Nc6 6. Bg5 e6 7. Qd2 a6 8.
O-O-O h6 9. Be3 Be7 (9... Nxd4 {-CBM 36VC} 10. Bxd4 b5 11. Bd3 Be7 12. f4 Bb7
13. Kb1 O-O 14. e5 $40 {Mohr,G-Gostisa,L Ljubljana Pirc 1993 1-0 33}) 10. f3
Nxd4 11. Bxd4 e5 12. Be3 Be6 13. g4 Qa5 $6 $146 (13... Rc8 14. Nd5 Bxd5 15.
exd5 e4 $1 16. Bh3 exf3 17. g5 hxg5 18. Bxc8 Qxc8 19. Qd3 g4 $17 {Ajapbergenov,
A-Serper,G Bishek zt 1993 0-1 31}) 14. a3 (14. Qf2 $1 Nd7 15. Kb1 Rc8 16. Nd5
$16) 14... b5 15. h4 b4 16. Nd5 Bxd5 17. exd5 Rb8 18. Kb1 Bd8 19. axb4 Rxb4 20.
Qc3 $1 O-O (20... Rb8 21. Qxa5 $1 (21. Qc6+ Nd7 22. Qxa6 Qc3 $13) 21... Bxa5
22. Bxa6 Bc3 23. Bc1 $18) 21. Bd2 Ra4 (21... Nxd5 22. Qd3 Bb6 23. Bxb4 Nxb4 24.
Qa3 Qc5 25. c3 $18) 22. b4 $3 {Ra4} (22. Qxa5 $2 Bxa5 23. b3 Rd4 $19) 22... Qc7
(22... Qxd5 23. Qb3 Qc6 24. b5 axb5 25. Bxb5 $18) 23. Kb2 Nxd5 (23... a5 24.
Qxc7 Bxc7 25. Kb3 Rxb4+ 26. Bxb4 axb4 27. Bb5 Rb8 28. Bc6 $18) 24. Qxc7 Bxc7
25. Kb3 Nb6 26. Be3 a5 27. c3 $1 (27. Bxb6 $2 Rxb4+ $19) 27... axb4 28. Bxb6 (
28. Bxb6 Ra3+ 29. Kxb4 $18) 1-0

[Event "EU-Cup 10th Group6"]
[Site "Lubniewice"]
[Date "1994.??.??"]
[Round "1"]
[White "Malisauskas, Vidmantas"]
[Black "Lerner, Konstantin Z"]
[Result "1-0"]
[WhiteElo "2510"]
[BlackElo "2570"]
[Annotator "Boensch,U"]
[PlyCount "71"]
[EventDate "1994.??.??"]
[EventType "team-k.o."]
[EventRounds "3"]
[EventCountry "POL"]
[SourceTitle "EXT 2020"]
[Source "ChessBase"]
[SourceDate "2019.10.17"]
[SourceVersion "1"]
[SourceVersionDate "2019.10.17"]
[SourceQuality "1"]
[WhiteTeam "Vilnius Kaise"]
[BlackTeam "Alushta Chigorin"]
[WhiteTeamCountry "LTU"]
[BlackTeamCountry "UKR"]

1. e4 c5 2. Nf3 d6 3. d4 cxd4 4. Nxd4 Nf6 5. Nc3 Nc6 6. Bg5 e6 7. Qd2 a6 8.
O-O-O h6 9. Be3 Bd7 10. f3 b5 11. Nxc6 Bxc6 12. Ne2 (12. Qf2 Qc7 13. Kb1 Be7
14. g4 $2 b4 15. Ne2 d5 $1 16. Bb6 Qb7 17. e5 Nxg4 $1 {[%emt 0:00:45] -/+ Leko,
P-Kortschnoj,V Dortmund (03) 1994 0-1}) (12. Kb1 Qc7 13. Bd3 Be7 14. Qf2 Nd7
15. h4 Ne5 16. Bb6 Qb7 17. Bd4 Bf6 18. g4 O-O-O 19. a3 {+= Dolmatov,S-Tukmakov,
V Groningen (2) PCA 1993}) 12... Qc7 (12... Bb7 13. g4 d5 $6 14. e5 Nd7 15. Bd4
Qg5 16. Nf4 $1 Bb4 17. Qxb4 Qxf4+ 18. Kb1 Qxf3 19. Bd3 Qf4 20. h4 a5 21. Qd6 b4
22. Bb5 O-O-O 23. Ba7 $3 {1-0 Bologan,V-Galliamova,A Oakham (2) 1992}) 13. Nd4
Bb7 (13... Bd7 14. g4 Rc8 15. Kb1 e5 16. Nf5 Be6 17. c4 bxc4 18. Nxd6+ Bxd6 19.
Qxd6 Qb7 $132 {[%emt 0:00:38] Campora,D-Lobron,E Biel 1987 1-0}) 14. g4 Rc8 15.
Bd3 Nd7 16. h4 Ne5 17. Kb1 d5 18. Bf4 Bd6 (18... dxe4 $2 19. Nxb5 axb5 20.
Bxb5+ Ke7 21. Bxe5 Qxe5 22. Qd7+ Kf6 23. Qxb7 {+-}) 19. Bxb5+ $1 {F�hrt zu
einem Schwerfigurenendspiel mit einem Mehrbauer f�r Wei�} axb5 20. Nxb5 Qb6
21. Nxd6+ Qxd6 22. exd5 Bxd5 23. Bxe5 Qxe5 24. Rhe1 Qc7 25. Qxd5 Qxc2+ 26. Ka1
{+/-} O-O 27. Qd2 Qc6 {Wenn Schwarz die Damen tauscht entscheiden die
verbundenen Freibauern.} 28. Qe3 Ra8 29. a3 Rfb8 30. g5 $1 {Auch der schwarze
K steht nicht sicher.} hxg5 (30... h5 31. g6 fxg6 32. Qxe6+ {+-}) 31. hxg5 Ra6
32. Rh1 Qb5 33. Rh2 Rc6 34. Qd2 $1 {Mit der Doppeldrohung Qd8 und Rdh1.} Rcb6 (
34... Qb6 35. Rdh1 Kf8 36. Qd7 {+-}) 35. Qd8+ $1 Qe8 36. Rdh1 $3 1-0